| 000 | 00000nam 2200000za 4500 |
| 001 | 9.828319 |
| 003 | CaOODSP |
| 005 | 20240624082301 |
| 007 | cr ||||||||||| |
| 008 | 161129s1933 onc o f001 0 fre d |
| 040 | |aCaOODSP|bfre |
| 043 | |an-cn--- |
| 086 | 1 |aZ1-1930/5F-PDF |
| 245 | 00|aRéparations, 1932 |h[ressource électronique] : |brapport supplémentaire. |
| 260 | |aOttawa : |bImprimeur de le Roi, |c1933. |
| 300 | |a209 p. |
| 500 | |aPubl. aussi en anglais sous le titre : Reparations, 1932: further report. |
| 500 | |aPublication historique numérisée par Bureau du Conseil privé. |
| 500 | |aTitre de la couv. |
| 500 | |a« Errol M. McDougall, K.C., commissaire. » |
| 500 | |a« Imprimé par ordre du Parlement. » |
| 530 | |aÉgalement publ. en version imprimée. |
| 692 | 07|2gccst|aCommission d'enquête |
| 692 | 07|2gccst|aGuerre mondiale, 1914-1918 |
| 692 | 07|2gccst|aVictime |
| 692 | 07|2gccst|aRevendication |
| 700 | 1 |aMcDougall, Errol Malcolm William,|d1881-1949. |
| 710 | 1 |aCanada. |bBureau du Conseil privé. |
| 710 | 1 |aCanada.|bCommission des réparations. |
| 775 | 08|tReparations, 1932 |w(CaOODSP)9.828317 |
| 856 | 40|qPDF|s5.72 Mo|uhttps://publications.gc.ca/collections/collection_2016/bcp-pco/Z1-1930-5-1-fra.pdf |
| 856 | 40|qPDF|s5.89 Mo|uhttps://publications.gc.ca/collections/collection_2016/bcp-pco/Z1-1930-5-2-fra.pdf |